Human rights friendly police : (Record no. 65966)

MARC details
000 -LEADER
fixed length control field 00464nam a22001457a 4500
005 - DATE AND TIME OF LATEST TRANSACTION
control field 20180727112510.0
020 ## - INTERNATIONAL STANDARD BOOK NUMBER
International Standard Book Number 8176481505
Terms of availability 00.00
035 ## - SYSTEM CONTROL NUMBER
System control number A-991569, A-991568
037 ## - SOURCE OF ACQUISITION
Stock number DPL
Source of stock number/acquisition ENG
100 ## - MAIN ENTRY--PERSONAL NAME
Personal name Vadackumchery, James
245 ## - TITLE STATEMENT
Title Human rights friendly police :
Remainder of title A myth or reality ? /
Statement of responsibility, etc by James Vadackumchery
260 ## - PUBLICATION, DISTRIBUTION, ETC. (IMPRINT)
Place of publication, distribution, etc New Delhi
Name of publisher, distributor, etc A P H Publishing Corporation
Date of publication, distribution, etc 2000
300 ## - PHYSICAL DESCRIPTION
Extent xv, 190p.
Dimensions 20 cms.
942 ## - ADDED ENTRY ELEMENTS (KOHA)
Source of classification or shelving scheme Dewey Decimal Classification
Item type English Books
Classification part 323.49
Call number suffix VAD
Holdings
Withdrawn status Lost status Not for loan Collection code Home library Current library Date acquired Cost, normal purchase price Full call number Barcode Cost, replacement price Koha item type Source of acquisition
      Non-fiction Patel Nagar Patel Nagar 27/07/2018 400.00 323.49 VAD A-991568 400.00 English Books BPPD/PUB
      Non-fiction Sarojini Nagar Sarojini Nagar 02/05/2012 0.00 323.49 VAD A-991569 0.00 English Books  

© Delhi Public Library
Hit Counter
free hit counter